| 000 | 00633nam a22001937a 4500 | ||
|---|---|---|---|
| 999 |
_c11482 _d11482 |
||
| 003 | AR-CdUCM | ||
| 008 | 190401b ||||| |||| 00| 0 spa d | ||
| 040 |
_aMUNICIPALIDAD PROVINCIAL DEL CUSCO _cBIBLIOTECA MUNICIPAL DEL CUSCO |
||
| 082 |
_aES / 460.3 / _bF75 |
||
| 100 |
_aFontanillo, Enrique _918108 |
||
| 245 |
_aDiccionario : _bSinónimos y antónimos / |
||
| 260 |
_aPerú : _bFondo editorial navarrete, _c1997. |
||
| 300 |
_a319 paginas ; _c22 cm. |
||
| 505 | _aContenido :Diccionario de sinónimos y antónimos. | ||
| 650 |
_aDiccionario _95196 |
||
| 700 |
_aRiesgo, M. Isabel _928865 |
||
| 942 |
_2ddc _cLIBROS |
||
| 945 | _arum | ||